[Event "RUS-ch Blitz Men 2018"]
[Site "Sochi"]
[Date "2018.10.07"]
[Round "4"]
[White "Sarana, Alexey"]
[Black "Bykov, Oleg"]
[Result "1-0"]
[WhiteElo "2641"]
[BlackElo "2411"]
[Annotator "TA"]
[PlyCount "141"]
[EventDate "2018.10.07"]
[EventType "swiss"]
[EventCountry "RUS"]
[SourceTitle "playchess.com"]
[Source "ChessBase"]
[SourceQuality "1"]

1. d4 Nf6 2. c4 c5 3. d5 b5 4. cxb5 a6 5. bxa6 g6 6. Nc3 Bg7 7. e4 O-O 8. Be2 Qa5 9. Bd2 Bxa6 10. e5 Ne8 11. Nf3 d6 12. e6 f5 13. h4 Bxe2 14. Qxe2 Qa6 15. h5 Qxe2+ 16. Kxe2 Nf6 17. hxg6 hxg6 18. Nh4 Na6 19. Nxg6 Rfe8 20. Rad1 Nb4 21. Bg5 Nxa2 22. Nb5 Rac8 23. Nxe7+ Rxe7 24. Nxd6 Rb8 25. Nxf5 Rxb2+ 26. Kf1 Re8 27. Nxg7 Kxg7 28. Bxf6+ Kxf6 29. Rh6+ Kg7 30. Rh3 Nb4 31. Rc3 Nxd5 32. Rxd5 Rxe6 33. Rdxc5 Ree2 34. Rf3 Red2 35. g3 Kg6 36. Rf4 Rb3 37. Kg2 Rb1 38. Rc8 Kg7 39. Rc5 Kg6 40. Re5 Rdd1 41. Re6+ Kg7 42. Rf5 Rg1+ 43. Kh3 Rb4 44. Ref6 Ra4 45. Rb6 Rc4 46. Ra5 Rc7 47. f4 Kh7 48. Kh4 Rh1+ 49. Kg4 Rg1 50. Rh5+ Kg7 51. Rg5+ Kf7 52. Rh6 Rc3 53. Rh3 Ra3 54. Rb5 Kf6 55. Rb6+ Kg7 56. Kh4 Ra4 57. Rh2 Ra8 58. Rhb2 Rh8+ 59. Kg4 Rg8 60. Rb8 Rxb8 61. Rxb8 Ra1 62. Rb7+ Kf6 63. Rb6+ Kf7 64. Kg5 Ra5+ 65. f5 Ra3 66. g4 Ra5 67. Rb7+ Kf8 68. Kg6 Ra4 69. g5 Ra6+ 70. f6 Ra8 71. Rh7 1-0

[Event "RUS-ch Blitz Men 2018"]
[Site "Sochi"]
[Date "2018.10.07"]
[Round "4"]
[White "Alekseenko, Kirill"]
[Black "Derjabin, Ilja"]
[Result "1-0"]
[WhiteElo "2639"]
[BlackElo "2345"]
[Annotator "TA"]
[PlyCount "153"]
[EventDate "2018.10.07"]
[EventType "swiss"]
[EventCountry "RUS"]
[SourceTitle "playchess.com"]
[Source "ChessBase"]
[SourceQuality "1"]

1. e4 e6 2. d4 d5 3. Nd2 Nf6 4. e5 Ne4 5. Bd3 Nxd2 6. Bxd2 c5 7. c3 Nc6 8. Ne2 Qb6 9. O-O Bd7 10. Be3 c4 11. Bc2 Qxb2 12. Rb1 Qxa2 13. Rxb7 Qa6 14. Rb1 Be7 15. Nf4 g6 16. Qf3 Rb8 17. Ra1 Qc8 18. g3 Rb2 19. Rfc1 a5 20. h4 Kd8 21. Ba4 Kc7 22. Nh3 Be8 23. Bg5 Qd8 24. Bxc6 Kxc6 25. Bxe7 Qxe7 26. Rxa5 h6 27. Rca1 Bd7 28. Ra6+ Rb6 29. Qd1 Rxa6 30. Rxa6+ Kb7 31. Ra5 Qd8 32. Ra1 Bb5 33. Rb1 Kc6 34. Qc1 Qa5 35. Ra1 Qb6 36. Qa3 Kd7 37. Nf4 Rb8 38. Kg2 Ke8 39. Rb1 Qc6 40. Qb4 Rb7 41. Qa5 Ba6 42. Ra1 Rb6 43. Qa3 Bc8 44. Qc1 Ra6 45. Rb1 Rb6 46. Ra1 Ra6 47. Ne2 Rxa1 48. Qxa1 Qa6 49. Qxa6 Bxa6 50. Kf3 Bb5 51. Ke3 Ba4 52. Kd2 Kf8 53. Ng1 Kg7 54. Nf3 Bb3 55. Nh2 Ba4 56. Ng4 Bb5 57. Nf6 Ba4 58. g4 Bb3 59. f4 Ba4 60. Kc1 Bb5 61. Kb2 Ba4 62. g5 h5 63. Ka3 Bb5 64. Kb4 Bc6 65. Kc5 Ba4 66. Kd6 Bb3 67. Ke7 Ba4 68. Kd6 Bb5 69. f5 gxf5 70. Nxh5+ Kg6 71. Nf4+ Kg7 72. Ke7 Ba4 73. h5 Bd1 74. h6+ Kg8 75. Kf6 Bg4 76. h7+ Kxh7 77. Kxf7 1-0

[Event "RUS-ch Blitz Men 2018"]
[Site "Sochi"]
[Date "2018.10.07"]
[Round "4"]
[White "Paravyan, David"]
[Black "Dilmukhametov, Artur"]
[Result "1-0"]
[WhiteElo "2629"]
[BlackElo "2353"]
[Annotator "TA"]
[PlyCount "67"]
[EventDate "2018.10.07"]
[EventType "swiss"]
[EventCountry "RUS"]
[SourceTitle "playchess.com"]
[Source "ChessBase"]
[SourceQuality "1"]

1. e4 e6 2. d4 d5 3. Nd2 Nf6 4. e5 Nfd7 5. Bd3 c5 6. c3 Nc6 7. Ne2 cxd4 8. cxd4 f6 9. exf6 Nxf6 10. Nf3 Bd6 11. O-O O-O 12. Bf4 Bxf4 13. Nxf4 Ne4 14. Ne2 Rxf3 15. gxf3 Ng5 16. Kh1 Nh3 17. Qd2 Qh4 18. Qe3 Bd7 19. f4 Rf8 20. Qg3 Qh6 21. f5 exf5 22. f4 Nb4 23. Rf3 Nxd3 24. Rxd3 Bb5 25. Qxh3 Qxh3 26. Rxh3 Bxe2 27. Re1 Bg4 28. Rc3 g5 29. Re7 Bh5 30. Rcc7 Bg6 31. fxg5 f4 32. Kg2 Be4+ 33. Kf2 b5 34. h4 1-0

[Event "RUS-ch Blitz Men 2018"]
[Site "Sochi"]
[Date "2018.10.07"]
[Round "4"]
[White "Ponkratov, Pavel"]
[Black "Kozak, Alexander"]
[Result "0-1"]
[WhiteElo "2628"]
[BlackElo "2262"]
[Annotator "TA"]
[PlyCount "84"]
[EventDate "2018.10.07"]
[EventType "swiss"]
[EventCountry "RUS"]
[SourceTitle "playchess.com"]
[Source "ChessBase"]
[SourceQuality "1"]

1. e4 c6 2. d4 d5 3. e5 c5 4. dxc5 e6 5. Nf3 Bxc5 6. a3 Nc6 7. b4 Bb6 8. Bd3 a5 9. b5 Nxe5 10. Nxe5 Bd4 11. Nxf7 Qf6 12. O-O Qxf7 13. c3 Bb6 14. a4 Nf6 15. Ba3 Qc7 16. Nd2 Bc5 17. Bxc5 Qxc5 18. c4 O-O 19. Qe2 Qd4 20. Nf3 Qf4 21. c5 Qh6 22. Ne5 Bd7 23. Rac1 Be8 24. f4 Rc8 25. g3 Nd7 26. c6 bxc6 27. Nxc6 Ra8 28. Rfe1 Bf7 29. Nd4 Rfe8 30. Rc7 e5 31. Nf5 Qb6+ 32. Kg2 Qxc7 33. Qg4 Bg6 34. Qg5 Nc5 35. Bb1 Qd8 36. Qg4 exf4 37. Rd1 Qf6 38. Qxf4 Ne4 39. Rxd5 Nc3 40. Rd6 Qe5 41. Qc4+ Bf7 42. Qd3 Nxb1 0-1

[Event "RUS-ch Blitz Men 2018"]
[Site "Sochi"]
[Date "2018.10.07"]
[Round "4"]
[White "Oparin, Grigoriy"]
[Black "Papenin, Nikolai"]
[Result "1-0"]
[WhiteElo "2624"]
[BlackElo "2334"]
[Annotator "ChessBase"]
[PlyCount "81"]
[EventDate "2018.10.07"]
[EventType "swiss"]
[EventCountry "RUS"]
[SourceTitle "playchess.com"]
[Source "ChessBase"]
[SourceQuality "1"]

1. c4 Nf6 2. Nc3 d5 3. cxd5 Nxd5 4. Nf3 g6 5. g3 Bg7 6. Bg2 O-O 7. h4 h5 8. O-O c5 9. d4 cxd4 10. Nxd4 Nxc3 11. bxc3 Nc6 12. Be3 Ne5 13. Qb3 a6 14. Rfd1 Qc7 15. Rab1 Nc4 16. Bg5 e5 17. Nc2 Bf5 18. a4 Bxc2 19. Qxc2 Na3 20. Qb3 Nxb1 21. Rxb1 Rab8 22. c4 b6 23. Bd5 Kh7 24. e4 Rfc8 25. Be3 Bf8 26. Bxb6 Qd7 27. Qd1 Bc5 28. a5 Kg7 29. Kg2 Qd6 30. Qf3 f6 31. Qb3 Qe7 32. Qa4 Qd6 33. Rb3 Qe7 34. Rb1 Kh6 35. Qa2 Qd6 36. Qd2+ Kg7 37. Qb2 Kh6 38. Qb3 Kg7 39. Qa4 Bxb6 40. Rxb6 Kh6 41. Rxd6 1-0

[Event "RUS-ch Blitz Men 2018"]
[Site "Sochi"]
[Date "2018.10.07"]
[Round "4"]
[White "Kobalia, Mikhail"]
[Black "Tekeyev, Zaur"]
[Result "0-1"]
[WhiteElo "2620"]
[BlackElo "2392"]
[Annotator "ChessBase"]
[PlyCount "84"]
[EventDate "2018.10.07"]
[EventType "swiss"]
[EventCountry "RUS"]
[SourceTitle "playchess.com"]
[Source "ChessBase"]
[SourceQuality "1"]

1. e4 c5 2. Nf3 Nc6 3. Bb5 g6 4. Bxc6 dxc6 5. d3 Bg7 6. h3 Nf6 7. Nc3 O-O 8. Be3 b6 9. Qd2 e5 10. Bh6 Qd6 11. O-O-O a5 12. Kb1 a4 13. g4 b5 14. Ne2 b4 15. Ng3 b3 16. cxb3 axb3 17. a3 Re8 18. Bxg7 Kxg7 19. Rhg1 Kh8 20. Ng5 Ra7 21. Ne2 h6 22. Nf3 Kg7 23. Qc3 Ba6 24. Nc1 Rb7 25. Nd2 Nd7 26. f4 Kh7 27. f5 g5 28. h4 Kg7 29. Rh1 Rh8 30. Rh3 f6 31. Rdh1 gxh4 32. Rxh4 Nb6 33. Nf3 Na4 34. Qd2 c4 35. Rxh6 c3 36. Rxh8 c2+ 37. Qxc2 bxc2+ 38. Kxc2 Qc5+ 39. Kd1 Nxb2+ 40. Kd2 Qf2+ 41. Ne2 Nc4+ 42. Kc3 Rb3+ 0-1

[Event "RUS-ch Blitz Men 2018"]
[Site "Sochi"]
[Date "2018.10.07"]
[Round "4"]
[White "Chigaev, Maksim"]
[Black "Ivlev, Aleksey"]
[Result "1-0"]
[WhiteElo "2599"]
[BlackElo "2326"]
[Annotator "ChessBase"]
[PlyCount "71"]
[EventDate "2018.10.07"]
[EventType "swiss"]
[EventCountry "RUS"]
[SourceTitle "playchess.com"]
[Source "ChessBase"]
[SourceQuality "1"]

1. e4 e5 2. Bc4 Nf6 3. d3 Nc6 4. Nf3 Bc5 5. O-O O-O 6. a4 a6 7. c3 d6 8. h3 h6 9. Re1 Be6 10. Bxe6 fxe6 11. Qb3 Qc8 12. Be3 Bxe3 13. Rxe3 Rb8 14. a5 Qe8 15. Nbd2 Nh5 16. g3 Kh7 17. d4 Qg6 18. Nh4 Qf6 19. Rf3 Qe7 20. d5 Nd8 21. Rxf8 Qxf8 22. dxe6 Qe7 23. Nf5 Qf6 24. e7 Ne6 25. Qxb7 Rxb7 26. e8=Q Rxb2 27. Nc4 Nxg3 28. fxg3 Rc2 29. Nce3 Rxc3 30. Nd5 Rxg3+ 31. Kh2 Rxh3+ 32. Kxh3 Ng5+ 33. Kh2 Nf3+ 34. Kg3 Qg5+ 35. Kxf3 Qd2 36. Nf6+ 1-0

[Event "RUS-ch Blitz Men 2018"]
[Site "Sochi"]
[Date "2018.10.07"]
[Round "4"]
[White "Maletin, Pavel"]
[Black "Chekhov, Sergei"]
[Result "1-0"]
[WhiteElo "2586"]
[BlackElo "2463"]
[Annotator "ChessBase"]
[PlyCount "58"]
[EventDate "2018.10.07"]
[EventType "swiss"]
[EventCountry "RUS"]
[SourceTitle "playchess.com"]
[Source "ChessBase"]
[SourceQuality "1"]

1. c4 Nf6 2. g3 h5 3. Nf3 h4 4. Nxh4 e5 5. Nf3 e4 6. Nd4 d5 7. cxd5 Qxd5 8. e3 Bc5 9. Nc3 Qe5 10. f4 exf3 11. Nxf3 Qe7 12. Bg2 Nc6 13. d4 Bb4 14. O-O Bh3 15. Bxh3 Rxh3 16. Ng5 Rh8 17. Qb3 Na5 18. Qa4+ c6 19. d5 O-O-O 20. e4 b5 21. Qc2 Ng4 22. h3 Bc5+ 23. Kg2 Be3 24. Nxf7 Bxc1 25. Qxc1 Nc4 26. hxg4 Qc5 27. Nd1 Qd4 28. Nxh8 Rxh8 29. Qf4 Qd3 1-0

[Event "RUS-ch Blitz Men 2018"]
[Site "Sochi"]
[Date "2018.10.07"]
[Round "4"]
[White "Timofeev, Artyom"]
[Black "Kretov, Evgenij"]
[Result "1-0"]
[WhiteElo "2580"]
[BlackElo "2219"]
[Annotator "ChessBase"]
[PlyCount "73"]
[EventDate "2018.10.07"]
[EventType "swiss"]
[EventCountry "RUS"]
[SourceTitle "playchess.com"]
[Source "ChessBase"]
[SourceQuality "1"]

1. c4 Nf6 2. Nc3 c5 3. Nf3 e6 4. e4 Nc6 5. Be2 Be7 6. d4 cxd4 7. Nxd4 O-O 8. O-O a6 9. Nxc6 dxc6 10. e5 Nd7 11. f4 c5 12. Ne4 Qc7 13. Qd3 Rd8 14. Qg3 b6 15. Be3 Bb7 16. Bf3 Rab8 17. h4 b5 18. b3 bxc4 19. bxc4 Ba8 20. h5 Rb4 21. Rac1 Rdb8 22. Rfd1 Bxe4 23. Bxe4 Nf8 24. f5 exf5 25. Bxf5 Ne6 26. Bxe6 fxe6 27. Qg4 Qc6 28. h6 g6 29. Rd6 Qc8 30. Qxe6+ Qxe6 31. Rxe6 Bf8 32. Rxa6 Rb1 33. Rxb1 Rxb1+ 34. Kf2 Rb4 35. Ra8 Rxc4 36. e6 Re4 37. Bxc5 1-0

[Event "RUS-ch Blitz Men 2018"]
[Site "Sochi"]
[Date "2018.10.07"]
[Round "4"]
[White "Rozum, Ivan"]
[Black "Ozgibcev, Anatoly"]
[Result "1/2-1/2"]
[WhiteElo "2573"]
[BlackElo "2368"]
[Annotator "TA"]
[PlyCount "153"]
[EventDate "2018.10.07"]
[EventType "swiss"]
[EventCountry "RUS"]
[SourceTitle "playchess.com"]
[Source "ChessBase"]
[SourceQuality "1"]

1. c4 e6 2. Nc3 d5 3. e3 Nf6 4. Nf3 c5 5. cxd5 exd5 6. d4 Nc6 7. Bb5 cxd4 8. Nxd4 Bd7 9. O-O Be7 10. Nde2 Be6 11. Nf4 O-O 12. Nxe6 fxe6 13. b3 Rc8 14. Bb2 Qa5 15. a3 Ne5 16. b4 Qb6 17. Be2 Nc4 18. Bc1 Ne5 19. Na4 Qc6 20. Bb2 Nc4 21. Bd4 e5 22. Bc5 Bxc5 23. bxc5 b5 24. cxb6 Nxb6 25. Nxb6 Qxb6 26. Qa4 Rc5 27. Rab1 Qc7 28. Rb5 Rxb5 29. Qxb5 Rd8 30. Qb2 d4 31. exd4 exd4 32. Rc1 Qd6 33. Rd1 h6 34. h3 Kh8 35. Bd3 Qe5 36. Bb1 Qf4 37. Qc2 Re8 38. Qd3 Re5 39. g3 Qe4 40. Qxe4 Nxe4 41. Rxd4 Nf6 42. Rd8+ Re8 43. Rd1 Rb8 44. Bg6 Kg8 45. Rc1 Nd5 46. Rc5 Ne7 47. Be4 Rc8 48. Rb5 Rc7 49. a4 Kf7 50. a5 Ke6 51. a6 Kd6 52. Bd3 Nd5 53. Rb8 Kc5 54. Kg2 Nc3 55. f4 Kd4 56. Bf5 Nd5 57. Kf3 Rc3+ 58. Kf2 Ne3 59. Rd8+ Kc5 60. Rc8+ Kb5 61. Rxc3 Nd1+ 62. Kf3 Nxc3 63. Bd3+ Kc5 64. Kg4 Kd4 65. Bc2 Nd5 66. Kf3 Ne3 67. Ba4 Nc4 68. Bb5 Nd6 69. Bf1 Kd5 70. g4 g5 71. fxg5 hxg5 72. Bd3 Kd4 73. Bg6 Nc4 74. Be8 Ne5+ 75. Kg3 Nc4 76. Bc6 Ke5 77. Kf3 1/2-1/2

[Event "RUS-ch Blitz Men 2018"]
[Site "Sochi"]
[Date "2018.10.07"]
[Round "4"]
[White "Panarin, Mikhail"]
[Black "Asanov, Timur"]
[Result "1/2-1/2"]
[WhiteElo "2562"]
[BlackElo "2389"]
[Annotator "TA"]
[PlyCount "97"]
[EventDate "2018.10.07"]
[EventType "swiss"]
[EventCountry "RUS"]
[SourceTitle "playchess.com"]
[Source "ChessBase"]
[SourceQuality "1"]

1. e4 c5 2. Nf3 d6 3. d4 cxd4 4. Nxd4 Nf6 5. f3 e5 6. Nb3 Be7 7. c4 Be6 8. Be3 O-O 9. Be2 Nbd7 10. O-O Rc8 11. N3d2 a6 12. Nc3 Nh5 13. Nd5 Bg5 14. Bf2 Nf4 15. Re1 f5 16. Bf1 Nc5 17. Nb3 Nxb3 18. Qxb3 fxe4 19. fxe4 Rf7 20. Rad1 Nxd5 21. exd5 Bg4 22. Be2 Bxe2 23. Rxe2 Qc7 24. c5 dxc5 25. d6 Qd7 26. Rxe5 Bf6 27. Rxc5 Rxc5 28. Bxc5 h6 29. Qd5 Bxb2 30. Re1 Bf6 31. h3 Kh8 32. Re6 Rf8 33. Qe4 Rc8 34. Bb4 b6 35. Kh2 a5 36. Bd2 Rf8 37. Be3 Kg8 38. Bxb6 a4 39. Bc7 Kh8 40. Qd5 Qf7 41. Qe4 Qd7 42. Qe2 Rc8 43. Re4 Rf8 44. Qg4 Qc6 45. Rc4 Be5+ 46. Kg1 Qd5 47. Qe2 Bxd6 48. Bxd6 Qxd6 49. Re4 1/2-1/2

[Event "RUS-ch Blitz Men 2018"]
[Site "Sochi"]
[Date "2018.10.07"]
[Round "4"]
[White "Sviridov, Valery"]
[Black "Dubov, Daniil"]
[Result "0-1"]
[WhiteElo "2551"]
[BlackElo "2703"]
[Annotator "TA"]
[PlyCount "33"]
[EventDate "2018.10.07"]
[EventType "swiss"]
[EventCountry "RUS"]
[SourceTitle "playchess.com"]
[Source "ChessBase"]
[SourceQuality "1"]

1. Nf3 g6 2. e4 Bg7 3. d4 d6 4. Bc4 a6 5. O-O b5 6. Bb3 e6 7. Re1 Ne7 8. c3 Bb7 9. Nbd2 Nd7 10. Nf1 O-O 11. h4 h6 12. Ng3 c5 13. Bf4 cxd4 14. cxd4 Nb6 15. Rc1 Qd7 16. Qd2 Kh7 17. Qa5 0-1

[Event "RUS-ch Blitz Men 2018"]
[Site "Sochi"]
[Date "2018.10.07"]
[Round "4"]
[White "Iljiushenok, Ilia"]
[Black "Nechaev, Oleg"]
[Result "1-0"]
[WhiteElo "2539"]
[BlackElo "2400"]
[Annotator "ChessBase"]
[PlyCount "72"]
[EventDate "2018.10.07"]
[EventType "swiss"]
[EventCountry "RUS"]
[SourceTitle "playchess.com"]
[Source "ChessBase"]
[SourceQuality "1"]

1. e4 c5 2. Nc3 Nc6 3. Bb5 Nd4 4. Bc4 g6 5. Nf3 Bg7 6. Nxd4 cxd4 7. Qf3 Nh6 8. Ne2 O-O 9. d3 e5 10. h4 Kh8 11. h5 g5 12. Qg3 f6 13. Bd2 d6 14. Bb3 Qe7 15. c3 dxc3 16. Nxc3 Be6 17. Nd5 Qd7 18. f3 a5 19. a4 Ra6 20. Qf2 g4 21. Rc1 Bxd5 22. Bxd5 f5 23. Rc4 fxe4 24. dxe4 gxf3 25. gxf3 Ng4 26. Qe2 Nh6 27. Rg1 Qe7 28. Bg5 Qe8 29. Rc7 Nf7 30. Be3 b5 31. axb5 Ra8 32. Bxa8 Qxa8 33. Qg2 Bf6 34. Qg4 Qd8 35. Rd7 Qc8 36. Rxf7 Rxf7 1-0

[Event "RUS-ch Blitz Men 2018"]
[Site "Sochi"]
[Date "2018.10.07"]
[Round "4"]
[White "Shcherbakov, Ruslan"]
[Black "Nazaretyan, Tigran"]
[Result "1-0"]
[WhiteElo "2516"]
[BlackElo "2248"]
[Annotator "ChessBase"]
[PlyCount "77"]
[EventDate "2018.10.07"]
[EventType "swiss"]
[EventCountry "RUS"]
[SourceTitle "playchess.com"]
[Source "ChessBase"]
[SourceQuality "1"]

1. e4 c5 2. Nf3 d6 3. Bb5+ Bd7 4. Bxd7+ Nxd7 5. O-O Ngf6 6. Qe2 g6 7. c3 Bg7 8. d4 cxd4 9. cxd4 d5 10. e5 Ne4 11. Ne1 h6 12. f3 Ng5 13. Bxg5 hxg5 14. Nc3 Nb6 15. Rd1 Qd7 16. Nd3 Qf5 17. Nc5 O-O-O 18. a4 Kb8 19. Qb5 Qf4 20. g3 Qe3+ 21. Kg2 g4 22. fxg4 Qh6 23. h4 g5 24. h5 Qc6 25. Qxc6 bxc6 26. Rxf7 Nc4 27. Re1 Bf8 28. b3 Na5 29. Ref1 Nb7 30. Ne6 Bh6 31. Nxd8 Rxd8 32. Rh7 Bf8 33. Rh8 Bg7 34. Rh7 Rg8 35. Rf5 Bf8 36. Rhf7 Bh6 37. Rxe7 Na5 38. Rff7 Ka8 39. Rh7 1-0

[Event "RUS-ch Blitz Men 2018"]
[Site "Sochi"]
[Date "2018.10.07"]
[Round "4"]
[White "Demidov, Mikhail"]
[Black "Pogosian, Samvel"]
[Result "1-0"]
[WhiteElo "2514"]
[BlackElo "2263"]
[Annotator "TA"]
[PlyCount "213"]
[EventDate "2018.10.07"]
[EventType "swiss"]
[EventCountry "RUS"]
[SourceTitle "playchess.com"]
[Source "ChessBase"]
[SourceQuality "1"]

1. d4 Nf6 2. Bg5 d5 3. Bxf6 exf6 4. e3 f5 5. g3 Nd7 6. Bg2 Nf6 7. Ne2 Be6 8. c4 c6 9. cxd5 Bxd5 10. O-O Be7 11. Nbc3 Bxg2 12. Kxg2 O-O 13. Qb3 Qb6 14. Qc2 g6 15. Rfd1 Rac8 16. a3 Rfd8 17. b4 a5 18. Rab1 axb4 19. axb4 h5 20. h4 Ng4 21. Nf4 Bf6 22. Na4 Qc7 23. Nc5 Re8 24. Qb3 Kg7 25. b5 b6 26. Ncd3 c5 27. dxc5 bxc5 28. b6 Qb7+ 29. Qd5 Qxd5+ 30. Nxd5 c4 31. b7 cxd3 32. bxc8=Q Rxc8 33. Rxd3 Rc2 34. Rf1 Be5 35. Kg1 Ra2 36. Rb3 Rd2 37. Nb4 Bf6 38. Nd3 Ra2 39. Nf4 Be5 40. Nh3 Bf6 41. Rd1 Ra7 42. Rdb1 Nh6 43. Rb7 Ra4 44. Rd1 Ra8 45. Kg2 Kg8 46. Rd2 Be5 47. Ng5 Bf6 48. Nf3 Bc3 49. Rc2 Bf6 50. Rc6 Ng4 51. Rc2 Nh6 52. Rbc7 Kg7 53. Ng1 Ng4 54. Nh3 Nh6 55. Nf4 Kg8 56. Rc8+ Rxc8 57. Rxc8+ Kg7 58. Ra8 Be5 59. Nd3 Bf6 60. Ra7 Kg8 61. Rb7 Kg7 62. Nf4 Kg8 63. Nd5 Be5 64. f3 Kg7 65. Rb4 Bd6 66. Rc4 Ng8 67. e4 fxe4 68. Rxe4 Bc5 69. Rc4 Bd6 70. Nc3 Be5 71. Ne2 Bf6 72. Rc6 Ne7 73. Ra6 Nf5 74. Kf2 Be5 75. Ra5 Bc7 76. Ra4 Bb6+ 77. Kg2 Ne3+ 78. Kh3 Nf5 79. g4 hxg4+ 80. fxg4 Nh6 81. Ng3 Bc7 82. Ne2 Ng8 83. Ra7 Bb6 84. Rb7 Bc5 85. Rc7 Bd6 86. Rd7 Bc5 87. Rb7 Nf6 88. Nc3 Bd4 89. Nb5 Be5 90. Re7 Bf4 91. Nd4 Kf8 92. Rb7 Be5 93. Nf3 Bf4 94. g5 Ne8 95. Kg4 Bd6 96. Rd7 Kg8 97. Nd2 Kf8 98. Ne4 Be7 99. Rd5 Nc7 100. Ra5 Ne6 101. Ra7 Nd4 102. Nf6 Bxf6 103. gxf6 Kg8 104. Ra8+ Kh7 105. Rf8 Nf5 106. Rxf7+ Kg8 107. Ra7 1-0

[Event "RUS-ch Blitz Men 2018"]
[Site "Sochi"]
[Date "2018.10.07"]
[Round "4"]
[White "Moiseenko, Vadim"]
[Black "Grachev, Boris"]
[Result "1-0"]
[WhiteElo "2492"]
[BlackElo "2626"]
[Annotator "TA"]
[PlyCount "77"]
[EventDate "2018.10.07"]
[EventType "swiss"]
[EventCountry "RUS"]
[SourceTitle "playchess.com"]
[Source "ChessBase"]
[SourceQuality "1"]

1. g3 d5 2. Bg2 Nf6 3. d3 c6 4. Nd2 e5 5. e4 Bd6 6. Ngf3 O-O 7. O-O Re8 8. Qe2 Bg4 9. h3 Bh5 10. b3 a5 11. a3 Nbd7 12. Bb2 h6 13. Rfe1 d4 14. Nf1 Nf8 15. g4 Bg6 16. Ng3 Ne6 17. Bc1 Nd7 18. Nf5 Be7 19. Kh1 Bg5 20. Nxg5 hxg5 21. Bd2 Bxf5 22. exf5 Nf4 23. Qf3 a4 24. b4 Nf6 25. Bxf4 exf4 26. h4 Rxe1+ 27. Rxe1 Nd5 28. Qe4 Nc3 29. Qe5 Qf6 30. Qc7 gxh4 31. Qxb7 Rf8 32. Qxc6 h3 33. Bf3 Qh4 34. Kg1 Qd8 35. b5 Qa5 36. Re5 Qd8 37. b6 Qh4 38. Re1 h2+ 39. Kg2 1-0

[Event "RUS-ch Blitz Men 2018"]
[Site "Sochi"]
[Date "2018.10.07"]
[Round "4"]
[White "Hasangatin, Ramil"]
[Black "Miroshnichenko, Pavel"]
[Result "0-1"]
[WhiteElo "2485"]
[BlackElo "2275"]
[Annotator "ChessBase"]
[PlyCount "64"]
[EventDate "2018.10.07"]
[EventType "swiss"]
[EventCountry "RUS"]
[SourceTitle "playchess.com"]
[Source "ChessBase"]
[SourceQuality "1"]

1. e4 e5 2. Nf3 Nc6 3. Bb5 a6 4. Ba4 Nf6 5. Bxc6 dxc6 6. d3 Nd7 7. Be3 Bd6 8. Nbd2 O-O 9. Nc4 Re8 10. h3 Bf8 11. Qd2 c5 12. a4 f6 13. a5 Nb8 14. O-O Nc6 15. c3 Be6 16. Qc2 Qd7 17. b3 Rad8 18. Rfd1 Qf7 19. Kh2 Rd7 20. Rf1 Red8 21. Ne1 g5 22. Kg1 h5 23. f3 Qg6 24. Qf2 g4 25. fxg4 Rf7 26. gxh5 Qxh5 27. Bxc5 Rg7 28. Bxf8 Rxf8 29. Kh2 f5 30. Nf3 f4 31. d4 Rg3 32. Rh1 Bxh3 0-1

[Event "RUS-ch Blitz Men 2018"]
[Site "Sochi"]
[Date "2018.10.07"]
[Round "4"]
[White "Kabanov, Nikolai"]
[Black "Sychev, Klementy"]
[Result "1-0"]
[WhiteElo "2481"]
[BlackElo "2534"]
[Annotator "TA"]
[PlyCount "133"]
[EventDate "2018.10.07"]
[EventType "swiss"]
[EventCountry "RUS"]
[SourceTitle "playchess.com"]
[Source "ChessBase"]
[SourceQuality "1"]

1. e4 c5 2. Nf3 d6 3. Bb5+ Nd7 4. O-O a6 5. Bd3 Ngf6 6. Re1 e6 7. c3 b5 8. a4 c4 9. Bc2 Bb7 10. d4 cxd3 11. Bxd3 bxa4 12. Qxa4 Be7 13. Nbd2 O-O 14. Bc2 Nc5 15. Qd4 Rc8 16. h3 d5 17. exd5 Nxd5 18. Ne4 Nxe4 19. Qxe4 g6 20. Qe2 Bf6 21. Bh6 Re8 22. Ne5 Qc7 23. Ra4 Rcd8 24. Rd4 Nb6 25. Rf4 Bxe5 26. Qxe5 Qxe5 27. Rxe5 Rd7 28. Rb4 Nd5 29. Rd4 Red8 30. Ba4 Rd6 31. Re2 Nb6 32. Rxd6 Rxd6 33. Bb3 Bd5 34. Bc2 Bc4 35. Rd2 Rxd2 36. Bxd2 Bd5 37. b3 Kf8 38. c4 Bc6 39. Ba5 Nd7 40. Kf1 Ke7 41. f3 Kd6 42. Ke2 e5 43. b4 f5 44. Kd3 e4+ 45. Ke3 exf3 46. gxf3 Ne5 47. c5+ Ke6 48. Bb3+ Bd5 49. f4 Nc6 50. Ba4 h6 51. Bxc6 Bxc6 52. h4 Kd5 53. Kd3 Bb5+ 54. Kc3 Ke4 55. Bc7 h5 56. Bb8 Kd5 57. Bc7 Ke4 58. Bb8 Kd5 59. Bc7 Kc6 60. Bb8 Kd5 61. Bc7 Bc6 62. Bb8 Ba4 63. Bc7 Bd7 64. Bb8 Bb5 65. Bc7 Ke4 66. Bb8 Kd5 67. Bc7 1-0

[Event "RUS-ch Blitz Men 2018"]
[Site "Sochi"]
[Date "2018.10.07"]
[Round "4"]
[White "Fakhrutdinov, Timur"]
[Black "Rakhmanov, Aleksandr"]
[Result "0-1"]
[WhiteElo "2472"]
[BlackElo "2634"]
[Annotator "TA"]
[PlyCount "58"]
[EventDate "2018.10.07"]
[EventType "swiss"]
[EventCountry "RUS"]
[SourceTitle "playchess.com"]
[Source "ChessBase"]
[SourceQuality "1"]

1. e4 c5 2. Nf3 Nf6 3. Nc3 d5 4. exd5 Nxd5 5. Bb5+ Bd7 6. Ne5 Nf6 7. Nxd7 Nbxd7 8. O-O a6 9. Be2 e6 10. Bf3 Qc7 11. g3 Bd6 12. Re1 h5 13. Ne4 Nxe4 14. Bxe4 h4 15. Qf3 hxg3 16. hxg3 Ne5 17. Qe2 Nc6 18. c3 O-O-O 19. d3 g6 20. Bg2 Rh5 21. Be3 Kb8 22. a3 Ne7 23. b4 Nd5 24. bxc5 Bxc5 25. d4 Bb6 26. c4 Nxe3 27. fxe3 Qxg3 28. Qf3 Qh2+ 29. Kf2 Rf5 0-1

[Event "RUS-ch Blitz Men 2018"]
[Site "Sochi"]
[Date "2018.10.07"]
[Round "4"]
[White "Gutenev, Alexander"]
[Black "Tomashevsky, Evgeny"]
[Result "1-0"]
[WhiteElo "2456"]
[BlackElo "2705"]
[Annotator "TA"]
[PlyCount "105"]
[EventDate "2018.10.07"]
[EventType "swiss"]
[EventCountry "RUS"]
[SourceTitle "playchess.com"]
[Source "ChessBase"]
[SourceQuality "1"]

1. e4 Nf6 2. e5 Nd5 3. d4 d6 4. c4 Nb6 5. exd6 exd6 6. Nc3 Be7 7. Be3 Nc6 8. Bd3 O-O 9. Nge2 Bg4 10. O-O Nb4 11. f3 Nxd3 12. Qxd3 Bd7 13. Rad1 Re8 14. Rfe1 Bh4 15. Ng3 Na4 16. Nxa4 Bxa4 17. b3 Bd7 18. d5 a5 19. Bd4 Qg5 20. Bf2 Qh6 21. a4 b6 22. Ne4 Bf5 23. Qd4 Bxf2+ 24. Nxf2 Bc2 25. Rc1 Bxb3 26. Ra1 Qf6 27. Qxf6 gxf6 28. Ne4 Bxc4 29. Nxf6+ Kf8 30. Rxe8+ Rxe8 31. Nxe8 Kxe8 32. Rc1 Bb3 33. Rxc7 Bxa4 34. Rb7 Bb3 35. Rxb6 a4 36. Rxd6 a3 37. Ra6 a2 38. d6 Kd7 39. Kf2 Bc4 40. Ra7+ Kxd6 41. Ke3 Kc5 42. Kd2 Kb4 43. Kc2 Bd5 44. Kb2 Be6 45. Ra8 Kc5 46. Rh8 Bf5 47. g4 Bb1 48. f4 Kd5 49. f5 Ke5 50. Rxh7 Kf4 51. h3 f6 52. Rg7 Kg3 53. g5 1-0

[Event "RUS-ch Blitz Men 2018"]
[Site "Sochi"]
[Date "2018.10.07"]
[Round "4"]
[White "Usmanov, Vasily"]
[Black "Artemiev, Vladislav"]
[Result "0-1"]
[WhiteElo "2453"]
[BlackElo "2706"]
[Annotator "TA"]
[PlyCount "66"]
[EventDate "2018.10.07"]
[EventType "swiss"]
[EventCountry "RUS"]
[SourceTitle "playchess.com"]
[Source "ChessBase"]
[SourceQuality "1"]

1. d4 Nf6 2. Nf3 g6 3. Bf4 Bg7 4. e3 O-O 5. Be2 d6 6. O-O c5 7. c3 cxd4 8. cxd4 Qb6 9. Nc3 Bf5 10. Qd2 Nc6 11. h3 Ne4 12. Nxe4 Bxe4 13. Ng5 Bf5 14. e4 Bd7 15. d5 Nd4 16. Be3 Nxe2+ 17. Qxe2 Qb5 18. Qxb5 Bxb5 19. Rfd1 Rfc8 20. Rd2 Rc4 21. b3 Bxa1 22. bxc4 Bxc4 23. Rc2 b5 24. Nf3 Bd3 25. Rc1 Bb2 26. Rc7 Bxe4 27. Rxe7 Bxd5 28. Nd4 a6 29. Nb3 Bxb3 30. axb3 a5 31. Rd7 a4 32. bxa4 bxa4 33. Rxd6 a3 0-1